|
|
|
|
| LEADER |
00000nam a2200000 i 4500 |
| 001 |
1/77300 |
| 008 |
960524s1987 gre d |
| 035 |
|
|
|a 1989
|b 2
|c Δωρεά
|l 10032625
|
| 040 |
|
|
|a GR-MY-UA
|b gre
|e aacr
|
| 041 |
0 |
|
|a gre
|
| 082 |
0 |
|
|a 631.4
|
| 100 |
1 |
|
|a Καλτσίκης, Παντούσης Ιω.
|
| 245 |
1 |
0 |
|a Εδαφολογία και θρέψη φυτών :
|b Β' τάξη ΕΠΛ /
|c Καλτσίκης Παντούσης ... [κ.α.]
|
| 260 |
|
|
|a Αθήνα :
|b Ο.Ε.Δ.Β.,
|c 1987
|
| 300 |
|
|
|a 250 σ.
|
| 650 |
0 |
0 |
|a Soil science
|x Study and teaching (Secondary)
|
| 650 |
0 |
0 |
|a Crops and soils.
|
| 852 |
|
|
|a INST
|b RHODES
|e 19960524
|h 631.4 ΕΔΑ
|p 005400002131
|q 005400002131
|t BK
|y 620
|
| 852 |
|
|
|a INST
|b RHODES
|e 19960524
|h 631.4 ΕΔΑ
|p 005400002132
|q 005400002132
|t BK
|y 0
|
| 852 |
|
|
|a INST
|b RHODES
|e 19960524
|h 631.4 ΕΔΑ
|p N10011695
|q N10011695
|t BK
|y 12
|
| 909 |
|
|
|a Ρ
|b 014416
|c 1989
|
| 909 |
|
|
|a Ρ
|b 014417
|c 1989
|
| 909 |
|
|
|a Ρ
|b 014418
|c 1989
|